<?xml version="1.0" encoding="UTF-8"?><?xml-stylesheet type="text/xsl" href="static/style.xsl"?><OAI-PMH xmlns="http://www.openarchives.org/OAI/2.0/" xmlns:xsi="http://www.w3.org/2001/XMLSchema-instance" xsi:schemaLocation="http://www.openarchives.org/OAI/2.0/ http://www.openarchives.org/OAI/2.0/OAI-PMH.xsd"><responseDate>2026-06-07T16:21:36Z</responseDate><request verb="GetRecord" identifier="oai:docta.ucm.es:20.500.14352/130703" metadataPrefix="marc">https://docta.ucm.es/rest/oai/request</request><GetRecord><record><header><identifier>oai:docta.ucm.es:20.500.14352/130703</identifier><datestamp>2026-01-22T00:52:26Z</datestamp><setSpec>com_20.500.14352_14</setSpec><setSpec>col_20.500.14352_15</setSpec></header><metadata><record xmlns="http://www.loc.gov/MARC21/slim" xmlns:dcterms="http://purl.org/dc/terms/" xmlns:xsi="http://www.w3.org/2001/XMLSchema-instance" xmlns:doc="http://www.lyncode.com/xoai" xsi:schemaLocation="http://www.loc.gov/MARC21/slim http://www.loc.gov/standards/marcxml/schema/MARC21slim.xsd">
   <leader>00925njm 22002777a 4500</leader>
   <datafield ind2=" " ind1=" " tag="042">
      <subfield code="a">dc</subfield>
   </datafield>
   <datafield ind2=" " ind1=" " tag="720">
      <subfield code="a">Perea García, José</subfield>
      <subfield code="e">author</subfield>
   </datafield>
   <datafield ind2=" " ind1=" " tag="720">
      <subfield code="a">Rodríguez Gil, Yolanda</subfield>
      <subfield code="e">author</subfield>
   </datafield>
   <datafield ind2=" " ind1=" " tag="720">
      <subfield code="a">Marín Gabriel, José Carlos</subfield>
      <subfield code="e">author</subfield>
   </datafield>
   <datafield ind2=" " ind1=" " tag="720">
      <subfield code="a">Díaz Tasende, José Benjamín</subfield>
      <subfield code="e">author</subfield>
   </datafield>
   <datafield ind2=" " ind1=" " tag="720">
      <subfield code="a">Inglada Pérez, Lucía Silvia</subfield>
      <subfield code="e">author</subfield>
   </datafield>
   <datafield ind2=" " ind1=" " tag="720">
      <subfield code="a">Colina Ruiz-Delgado, Francisco</subfield>
      <subfield code="e">author</subfield>
   </datafield>
   <datafield ind2=" " ind1=" " tag="720">
      <subfield code="a">Urioste, Miguel</subfield>
      <subfield code="e">author</subfield>
   </datafield>
   <datafield ind2=" " ind1=" " tag="260">
      <subfield code="c">2011</subfield>
   </datafield>
   <datafield ind2=" " ind1=" " tag="520">
      <subfield code="a">Background and objectives: Early age of onset is a marker of a possible hereditary component in colorectal cancer (CRC). We evaluated whether early age of onset is a good marker to identify Lynch syndrome, especially retrospectively, and if there is any other feature that could improve this identification.

Methods: We selected patients with CRC aged 45 years or younger from the pathological reports of three different institutions and different periods of time. Clinical information, family history, and tumor samples were obtained. Cases were classified according to mismatch repair (MMR) proficiency.

Results: Of 133 tumors, 22 showed microsatellite instability (MSI). In 15 MSI cases, a germline mutation in 1 of the MMR genes was identified, 7 of which were not identified before. The positive predictive value (PPV) of right colon CRC for a positive genetic MMR test is 30.6%, whereas "signet ring" cells and fulfillment Amsterdam II criteria have PPVs of 42.9% and 47.8%, respectively. Combining right-sided CRC with mucin production, with fulfilling Amsterdam II criteria, or with "signet ring" cells, PPVs are 54.5, 64.3, and 100%. The probability of the absence of a mutation when CRC is located in the left colon is 94.7%, whereas absence of aggregation for Lynch-related neoplasm has a 100% probability.

Conclusions: Early age of onset is an effective method to identify retrospectively Lynch syndrome. Taking into account the location and histology features of the tumor, and the familial history of the cases, we notably increase the a priori probability of detecting a germline MMR mutation.</subfield>
   </datafield>
   <datafield ind1="8" ind2=" " tag="024">
      <subfield code="a">Perea J, Rodríguez Y, Rueda D, Marín JC, Díaz-Tasende J, Álvaro E, Alegre C, Osorio I, Colina F, Lomas M, Hidalgo M, Benítez J, Urioste M. Early-onset colorectal cancer is an easy and effective tool to identify retrospectively Lynch syndrome. Ann Surg Oncol. 2011 Nov;18(12):3285-91. doi: 10.1245/s10434-011-1782-4</subfield>
   </datafield>
   <datafield ind1="8" ind2=" " tag="024">
      <subfield code="a">1068-9265</subfield>
   </datafield>
   <datafield ind1="8" ind2=" " tag="024">
      <subfield code="a">10.1245/s10434-011-1782-4</subfield>
   </datafield>
   <datafield ind1="8" ind2=" " tag="024">
      <subfield code="a">https://hdl.handle.net/20.500.14352/130703</subfield>
   </datafield>
   <datafield ind1="8" ind2=" " tag="024">
      <subfield code="a">1534-4681</subfield>
   </datafield>
   <datafield ind1="8" ind2=" " tag="024">
      <subfield code="a">https://doi.org/10.1245/s10434-011-1782-4</subfield>
   </datafield>
   <datafield ind1="8" ind2=" " tag="024">
      <subfield code="a">21590452</subfield>
   </datafield>
   <datafield ind1="8" ind2=" " tag="024">
      <subfield code="a">https://link.springer.com/article/10.1245/s10434-011-1782-4</subfield>
   </datafield>
   <datafield ind1="8" ind2=" " tag="024">
      <subfield code="a">https://pubmed.ncbi.nlm.nih.gov/21590452/</subfield>
   </datafield>
   <datafield ind2="0" ind1="0" tag="245">
      <subfield code="a">Early-Onset Colorectal Cancer is an Easy and Effective Tool to Identify Retrospectively Lynch Syndrome</subfield>
   </datafield>
</record></metadata></record></GetRecord></OAI-PMH>